Biggest Cities in Argentina A-Z - Statistics

General Stats
  • This quiz has been taken 11 times
  • The average score is 10 of 26
Answer Stats
Letter Population City % Correct
B 17,229,903 Buenos Aires
100%
C 2,315,259 Córdoba
89%
M 1,253,268 Mendoza
89%
R 1,871,200 Rosario
89%
K N/A N/A
78%
X N/A N/A
78%
N 340,000 Neuquén
67%
U 94,775 Ushuaia
56%
L 1,046,916 La Plata
44%
Q 230,810 Quilmes
44%
S 1,417,012 San Miguel de Tucumán
44%
A 342,677 Avellaneda
33%
F 325,779 Formosa
33%
P 449,204 Posadas
33%
Z 101,271 Zarate
33%
J 216,637 José C. Paz
22%
W 70,937 Wilde
22%
E 160,219 Ezeiza
11%
G 244,900 Godoy Cruz
11%
H 66,031 Hurlingham
11%
I 168,419 Ituzaingó
11%
O 111,320 Olavarría
11%
T 128,262 Trelew
11%
V 360,078 Vicente López Partido
11%
D 92,502 Don Torcuato
0%
Y 88,306 Yerba Buena
0%
No matching quizzes found
Score Distribution
Percent of People with Each Score
Percentile by Number Answered
Your Score History
You have not taken this quiz